000 00692nam a2200289Ia 4500
005 20260324120238.0
008 008 260324s9999 xx 000 0 eng d
020 _a9781351274203
037 _aEBOOK
040 _aCRL
040 _beng
040 _cCRL
041 _2eng
041 _aeng
084 _qCRL
100 _aWill Sarni
_91157804
245 0 _aBeyond the Energy–Water–Food Nexus
245 0 _bNew Strategies for 21st-Century Growth
260 _bTaylor and Francis
260 _c2015
365 _a
365 _b155
856 _uhttp://www.taylorfrancis.com/books/9781351274203
942 _cEBOOK
999 _c1749240
_d1749240